Catalog

Record Details

Catalog Search



Available copies

  • 1 of 1 copy available at LARL/NWRL Consortium.
  • 1 of 1 copy available at Lake Agassiz Regional Library. (Show preferred library)

Current holds

0 current holds with 1 total copy.

Show Only Available Copies
Location Call Number / Copy Notes Barcode Shelving Location Status Due Date
Moorhead Public Library C PER (Text) 33500011762291 Main Available -

Record details

  • ISBN: 9780425271414 (trade : alk. paper)
  • ISBN: 0425271412 (trade : alk. paper)
  • Physical Description: pages cm.
  • Edition: Berkley trade paperback edition.
  • Publisher: New York : Berkley Books, 2014.
Subject: Single women > Fiction.
Amish > Fiction.
Cousins > Fiction.
Families > Fiction.
Genre: Christian fiction
LDR 01534cam a22004218i 4500
001170509
003LARL_NWRL_CONSORTIUM
00520140924123758.0
008140718s2014 nyu 000 1 eng
010 . ‡a2014016701
020 . ‡a9780425271414 (trade : alk. paper)
020 . ‡a0425271412 (trade : alk. paper)
035 . ‡a(OCoLC)871192326
040 . ‡aDLC ‡beng ‡erda ‡cDLC ‡dYDXCP ‡dBTCTA ‡dBDX ‡dOCLCO
042 . ‡apcc
05000. ‡aPS3616.E7933 ‡bF68 2014
08200. ‡a813/.6 ‡223
1001 . ‡aPerry, Marta. ‡0(LARL_NWRL_CONSORTIUM)146751
24514. ‡aThe forgiven ‡n#1 / ‡cMarta Perry.
250 . ‡aBerkley trade paperback edition.
260 . ‡aNew York : ‡bBerkley Books, ‡c2014.
300 . ‡apages cm.
336 . ‡atext ‡btxt ‡2rdacontent
337 . ‡aunmediated ‡bn ‡2rdamedia
338 . ‡avolume ‡bnc ‡2rdacarrier
4900 . ‡aKeepers of the promise ; ‡v1
650 0. ‡aSingle women ‡vFiction. ‡0(LARL_NWRL_CONSORTIUM)167300
650 0. ‡aAmish ‡vFiction. ‡0(LARL_NWRL_CONSORTIUM)163281
650 0. ‡aCousins ‡vFiction. ‡0(LARL_NWRL_CONSORTIUM)164249
650 0. ‡aFamilies ‡vFiction. ‡0(LARL_NWRL_CONSORTIUM)164942
655 7. ‡aChristian fiction ‡2gsafd
948 . ‡hNO HOLDINGS IN LAL - 13 OTHER HOLDINGS
994 . ‡aZ0 ‡bLAL
901 . ‡a170509 ‡bOCLC ‡c170509 ‡tbiblio

Additional Resources